000 01321nam2a22002771 4500
001 rc\4603639
005 20250612130942.0
021 _aRU
_b[92-33276]
035 _a(NLR Aleph) 008667714
090 _a9100851
_c9100851
100 _a20130416d19911992|||y0rusy50 ca
101 0 _arus
102 _aRU
105 _ay z |||||
200 0 _aЧ. 31
_f[Составители Бовина З.М., Рычагова И.Л.]
210 _d1991 (1992)
_aБ. м.
215 _a[1], 160 с.
225 1 _a...
_v92-294
461 0 _1001rc\4603638
_12001#$aБиблиографический указатель работ сотрудников Объединенного института ядерных исследований$f... Науч.-техн. б-ка$vЧ. 31
_99100848
_aОбъединенный институт ядерных исследований (Дубнa)
_cДубна
_d1966-
_f... Науч.-техн. б-ка
_nОИЯИ
_tБиблиографический указатель работ сотрудников Объединенного института ядерных исследований
_vЧ. 31
702 1 _aБовина
_bЗ.М.
_4220
702 1 _aРычагова
_bИ.Л.
_4220
801 0 _aRU
_bNLR
_gpsbo
801 1 _aRU
_bELAR
_2rusmarc
852 _aNLR
_jС К-2/4875
942 _cBOOK
980 _aNB